[Event "Portugal Open Semirrapidas"]
[Site "Lisboa POR"]
[Date "2020.02.02"]
[Round "2.11"]
[White "JARACZ, Pawel"]
[Black "FERNANDES, Miguel"]
[Result "1-0"]
[BlackElo "1987"]
[WhiteElo "2434"]
[LiveChessVersion "1.4.8"]

1. e4 {[%clk 0:15:08]} c6 {[%clk 0:15:09]} 2. d4 {[%clk 0:15:10]} d5
{[%clk 0:15:13]} 3. Nc3 {[%clk 0:15:12]} dxe4 {[%clk 0:15:16]} 4. Nxe4
{[%clk 0:15:16]} Nf6 {[%clk 0:15:20]} 5. Nxf6+ {[%clk 0:15:16]} exf6
{[%clk 0:15:23]} 6. c3 {[%clk 0:15:18]} Bd6 {[%clk 0:15:25]} 7. Bd3
{[%clk 0:15:21]} O-O {[%clk 0:15:27]} 8. Qc2 {[%clk 0:15:22]} h5 {[%clk 0:15:23]}
9. Ne2 {[%clk 0:15:22]} Re8 {[%clk 0:15:25]} 10. Be3 {[%clk 0:15:10]} Be6
{[%clk 0:15:16]} 11. O-O {[%clk 0:15:04]} h4 {[%clk 0:15:05]} 12. h3
{[%clk 0:14:30]} Nd7 {[%clk 0:15:07]} 13. Rad1 {[%clk 0:13:22]} Nf8
{[%clk 0:15:11]} 14. Nf4 {[%clk 0:13:16]} Bc7 {[%clk 0:14:15]} 15. c4
{[%clk 0:12:47]} g5 {[%clk 0:13:03]} 16. Nxe6 {[%clk 0:12:46]} Nxe6
{[%clk 0:13:02]} 17. c5 {[%clk 0:12:38]} Nf4 {[%clk 0:12:45]} 18. Bc4
{[%clk 0:12:35]} Kg7 {[%clk 0:11:09]} 19. Qf5 {[%clk 0:10:46]} Qc8
{[%clk 0:09:41]} 20. Qxc8 {[%clk 0:10:37]} Raxc8 {[%clk 0:09:45]} 21. b4
{[%clk 0:10:27]} Rcd8 {[%clk 0:08:56]} 22. b5 {[%clk 0:10:14]} Nd5
{[%clk 0:08:40]} 23. Bd2 {[%clk 0:09:56]} Re4 {[%clk 0:07:54]} 24. Be1
{[%clk 0:07:28]} Nf4 {[%clk 0:07:03]} 25. Bc3 {[%clk 0:07:29]} Ne2+
{[%clk 0:06:54]} 26. Bxe2 {[%clk 0:07:32]} Rxe2 {[%clk 0:06:58]} 27. bxc6
{[%clk 0:07:20]} bxc6 {[%clk 0:06:58]} 28. a4 {[%clk 0:06:54]} Ra2
{[%clk 0:06:35]} 29. Ra1 {[%clk 0:06:52]} Rxa1 {[%clk 0:06:13]} 30. Rxa1
{[%clk 0:06:55]} Rb8 {[%clk 0:06:17]} 31. Kf1 {[%clk 0:06:35]} Rb3
{[%clk 0:05:52]} 32. Bd2 {[%clk 0:06:31]} Rb2 {[%clk 0:04:58]} 33. Be3
{[%clk 0:06:35]} Kg6 {[%clk 0:04:44]} 34. Rd1 {[%clk 0:06:37]} Ra2
{[%clk 0:04:40]} 35. d5 {[%clk 0:06:41]} cxd5 {[%clk 0:04:43]} 36. Rxd5
{[%clk 0:06:44]} Rxa4 {[%clk 0:04:43]} 37. Rd7 {[%clk 0:06:48]} Be5
{[%clk 0:04:31]} 38. Ke2 {[%clk 0:06:43]} f5 {[%clk 0:03:59]} 39. Kd3
{[%clk 0:05:37]} Ra3+ {[%clk 0:04:03]} 40. Kc4 {[%clk 0:05:25]} Rc3+
{[%clk 0:03:09]} 41. Kd5 {[%clk 0:05:22]} f6 {[%clk 0:03:13]} 42. c6
{[%clk 0:05:10]} f4 {[%clk 0:02:55]} 43. Bc5 {[%clk 0:04:35]} g4 {[%clk 0:02:17]}
44. hxg4 {[%clk 0:04:33]} f3 {[%clk 0:02:15]} 45. gxf3 {[%clk 0:04:34]} h3
{[%clk 0:02:19]} 46. Bf8 {[%clk 0:04:36]} h2 {[%clk 0:01:07]} 47. Rg7+
{[%clk 0:04:40]} Kh6 {[%clk 0:01:12]} 48. Rxa7+ {[%clk 0:04:33]} Kg5
{[%clk 0:00:51]} 49. Rg7+ {[%clk 0:04:31]} Kf4 {[%clk 0:00:54]} 50. Rh7
{[%clk 0:04:35]} Kxf3 {[%clk 0:00:53]} 51. g5 {[%clk 0:04:34]} Kg2
{[%clk 0:00:44]} 52. g6 {[%clk 0:04:20]} Rh3 {[%clk 0:00:39]} 53. g7
{[%clk 0:04:21]} h1=Q {[%clk 0:00:36]} 54. g8=Q+ {[%clk 0:02:10]} Kxf2+
{[%clk 0:00:40]} 55. Kc4 {[%clk 0:01:19]} Rxh7 {[%clk 0:00:41]} 56. Bc5+
{[%clk 0:01:23]} Kf1 {[%clk 0:00:43]} 57. Kb5 {[%clk 0:01:23]} Rc7
{[%clk 0:00:40]} 58. Qc4+ {[%clk 0:01:25]} Kg2 {[%clk 0:00:42]} 59. Qe4+
{[%clk 0:01:23]} Kh2 {[%clk 0:00:44]} 60. Qh4+ {[%clk 0:01:27]} Kg2
{[%clk 0:00:48]} 61. Qe4+ {[%clk 0:01:14]} 1-0

[Event "Portugal Open Semirrapidas"]
[Site "Lisboa POR"]
[Date "2020.02.02"]
[Round "2.12"]
[White "OLIVEIRA, Marco"]
[Black "LÖFFNER, Stefan"]
[Result "0-1"]
[BlackElo "2411"]
[WhiteElo "1993"]
[LiveChessVersion "1.4.8"]

1. Nf3 {[%clk 0:15:09]} c5 {[%clk 0:15:04]} 2. e4 {[%clk 0:14:41]} Nc6
{[%clk 0:15:06]} 3. d4 {[%clk 0:14:45]} cxd4 {[%clk 0:15:09]} 4. c3
{[%clk 0:14:49]} dxc3 {[%clk 0:15:03]} 5. Nxc3 {[%clk 0:14:52]} e6
{[%clk 0:15:04]} 6. Bc4 {[%clk 0:14:53]} a6 {[%clk 0:14:57]} 7. a3
{[%clk 0:14:56]} Nf6 {[%clk 0:13:24]} 8. Qe2 {[%clk 0:14:33]} Bc5
{[%clk 0:12:14]} 9. Bg5 {[%clk 0:14:24]} Qc7 {[%clk 0:11:49]} 10. O-O
{[%clk 0:13:54]} Ng4 {[%clk 0:11:21]} 11. Nd5 {[%clk 0:09:13]} exd5
{[%clk 0:10:41]} 12. exd5+ {[%clk 0:09:16]} Ne7 {[%clk 0:10:44]} 13. Rac1
{[%clk 0:08:40]} f6 {[%clk 0:08:07]} 14. Bh4 {[%clk 0:07:30]} Bd6
{[%clk 0:07:56]} 15. h3 {[%clk 0:06:29]} Nh6 {[%clk 0:06:00]} 16. Nd4
{[%clk 0:06:14]} O-O {[%clk 0:05:05]} 17. Bxa6 {[%clk 0:05:53]} Qb6
{[%clk 0:04:49]} 18. Bc4 {[%clk 0:04:22]} Qxd4 {[%clk 0:04:43]} 19. Bg3
{[%clk 0:04:19]} Nef5 {[%clk 0:04:37]} 20. Bxd6 {[%clk 0:04:02]} Nxd6
{[%clk 0:04:39]} 21. Rfd1 {[%clk 0:03:11]} Qe5 {[%clk 0:15:05]} 0-1

[Event "Portugal Open Semirrapidas"]
[Site "Lisboa POR"]
[Date "2020.02.02"]
[Round "2.13"]
[White "TABOAS RODRIGUEZ, Daniel"]
[Black "MALOBERTI, David"]
[Result "1-0"]
[BlackElo "1975"]
[WhiteElo "2411"]
[LiveChessVersion "1.4.8"]

1. d4 {[%clk 0:15:09]} Nf6 {[%clk 0:15:08]} 2. Nf3 {[%clk 0:15:14]} g6
{[%clk 0:15:12]} 3. c4 {[%clk 0:15:18]} Bg7 {[%clk 0:15:16]} 4. Nc3
{[%clk 0:15:22]} d6 {[%clk 0:15:20]} 5. e4 {[%clk 0:15:26]} O-O {[%clk 0:15:23]}
6. Be2 {[%clk 0:15:30]} e5 {[%clk 0:15:27]} 7. dxe5 {[%clk 0:15:34]} dxe5
{[%clk 0:15:31]} 8. Qxd8 {[%clk 0:15:38]} Rxd8 {[%clk 0:15:34]} 9. Bg5
{[%clk 0:15:42]} Re8 {[%clk 0:15:39]} 10. Nd5 {[%clk 0:15:46]} Nxd5
{[%clk 0:15:42]} 11. cxd5 {[%clk 0:15:49]} c6 {[%clk 0:15:46]} 12. Bc4
{[%clk 0:15:53]} cxd5 {[%clk 0:15:48]} 13. Bxd5 {[%clk 0:15:57]} Nc6
{[%clk 0:15:39]} 14. O-O-O {[%clk 0:15:59]} Be6 {[%clk 0:15:14]} 15. Bxe6
{[%clk 0:15:58]} Rxe6 {[%clk 0:15:14]} 16. Rd7 {[%clk 0:16:02]} b6
{[%clk 0:14:52]} 17. Rhd1 {[%clk 0:16:02]} Nd4 {[%clk 0:14:55]} 18. Nxd4
{[%clk 0:15:39]} exd4 {[%clk 0:14:59]} 19. f3 {[%clk 0:15:43]} h6
{[%clk 0:15:00]} 20. Bf4 {[%clk 0:14:30]} a5 {[%clk 0:14:29]} 21. Kd2
{[%clk 0:14:17]} Rc8 {[%clk 0:14:34]} 22. Kd3 {[%clk 0:14:06]} g5
{[%clk 0:14:21]} 23. Rc1 {[%clk 0:13:29]} Rec6 {[%clk 0:12:32]} 24. Rxc6
{[%clk 0:13:31]} Rxc6 {[%clk 0:12:36]} 25. Rd6 {[%clk 0:13:31]} Rc5
{[%clk 0:12:26]} 26. Bd2 {[%clk 0:13:25]} Rb5 {[%clk 0:12:30]} 27. b3
{[%clk 0:13:19]} a4 {[%clk 0:12:33]} 28. b4 {[%clk 0:12:30]} g4 {[%clk 0:11:21]}
29. fxg4 {[%clk 0:12:13]} h5 {[%clk 0:11:25]} 30. g5 {[%clk 0:11:43]} Re5
{[%clk 0:11:17]} 31. Rxb6 {[%clk 0:10:56]} h4 {[%clk 0:11:03]} 32. Bf4
{[%clk 0:10:41]} Re7 {[%clk 0:10:56]} 33. b5 {[%clk 0:10:17]} Kh7
{[%clk 0:10:55]} 34. Rc6 {[%clk 0:10:15]} Rb7 {[%clk 0:10:44]} 35. b6
{[%clk 0:10:18]} a3 {[%clk 0:10:45]} 36. Bc7 {[%clk 0:10:16]} Kg8
{[%clk 0:10:39]} 37. g6 {[%clk 0:10:04]} fxg6 {[%clk 0:10:41]} 38. Rxg6
{[%clk 0:10:07]} Kf7 {[%clk 0:10:44]} 39. Rg4 {[%clk 0:10:07]} Bf8
{[%clk 0:10:48]} 40. Kxd4 {[%clk 0:10:06]} Be7 {[%clk 0:10:51]} 41. Kd5
{[%clk 0:10:02]} 1-0

[Event "Portugal Open Semirrapidas"]
[Site "Lisboa POR"]
[Date "2020.02.02"]
[Round "2.14"]
[White "CORREIA, Mário Rui"]
[Black "SABUK, Piotr"]
[Result "0-1"]
[BlackElo "2398"]
[WhiteElo "1979"]
[LiveChessVersion "1.4.8"]

1. e4 {[%clk 0:15:09]} e5 {[%clk 0:15:09]} 2. Nf3 {[%clk 0:15:13]} Nc6
{[%clk 0:15:13]} 3. d4 {[%clk 0:15:17]} exd4 {[%clk 0:15:14]} 4. Nxd4
{[%clk 0:15:21]} g6 {[%clk 0:15:17]} 5. Nxc6 {[%clk 0:14:57]} bxc6
{[%clk 0:15:21]} 6. Bc4 {[%clk 0:15:01]} Bg7 {[%clk 0:15:19]} 7. O-O
{[%clk 0:15:01]} d6 {[%clk 0:15:11]} 8. Nc3 {[%clk 0:14:46]} Be6 {[%clk 0:15:10]}
9. Qe2 {[%clk 0:14:43]} Ne7 {[%clk 0:15:02]} 10. f4 {[%clk 0:14:23]} Qd7
{[%clk 0:13:17]} 11. h3 {[%clk 0:14:20]} O-O {[%clk 0:13:12]} 12. Bd2
{[%clk 0:14:19]} Rae8 {[%clk 0:11:31]} 13. Bb3 {[%clk 0:14:17]} f5
{[%clk 0:11:26]} 14. Rae1 {[%clk 0:14:06]} fxe4 {[%clk 0:11:16]} 15. Bxe6+
{[%clk 0:14:01]} Qxe6 {[%clk 0:11:19]} 16. Qxe4 {[%clk 0:14:04]} Qxe4
{[%clk 0:11:14]} 17. Rxe4 {[%clk 0:14:08]} Nf5 {[%clk 0:10:05]} 18. Rfe1
{[%clk 0:13:56]} Rb8 {[%clk 0:09:34]} 19. b3 {[%clk 0:13:29]} Nd4
{[%clk 0:09:37]} 20. Re7 {[%clk 0:13:01]} Nxc2 {[%clk 0:08:09]} 21. R1e4
{[%clk 0:12:49]} Rf7 {[%clk 0:07:40]} 22. Re8+ {[%clk 0:12:44]} Rxe8
{[%clk 0:07:41]} 23. Rxe8+ {[%clk 0:12:48]} Bf8 {[%clk 0:07:34]} 24. Ra8
{[%clk 0:12:35]} d5 {[%clk 0:07:09]} 25. Kh2 {[%clk 0:12:21]} Kg7
{[%clk 0:07:04]} 26. Ne2 {[%clk 0:12:23]} Bc5 {[%clk 0:06:44]} 27. Nc3
{[%clk 0:11:30]} Re7 {[%clk 0:06:28]} 28. Na4 {[%clk 0:11:16]} Bf2
{[%clk 0:06:28]} 29. f5 {[%clk 0:10:59]} gxf5 {[%clk 0:06:23]} 30. Bf4
{[%clk 0:10:58]} h5 {[%clk 0:05:34]} 31. Nb2 {[%clk 0:11:02]} Ne1
{[%clk 0:04:41]} 32. Rc8 {[%clk 0:10:50]} Bd4 {[%clk 0:04:14]} 33. Na4
{[%clk 0:10:24]} Kg6 {[%clk 0:02:51]} 34. h4 {[%clk 0:10:22]} c5 {[%clk 0:02:36]}
35. Bxc7 {[%clk 0:10:18]} Rxc7 {[%clk 0:02:35]} 0-1

[Event "Portugal Open Semirrapidas"]
[Site "Lisboa POR"]
[Date "2020.02.02"]
[Round "2.15"]
[White "MARTÍN DUQUE, Jesús"]
[Black "MARTINS, Diogo"]
[Result "1-0"]
[BlackElo "1967"]
[WhiteElo "2384"]
[LiveChessVersion "1.4.8"]

1. e4 {[%clk 0:15:09]} c5 {[%clk 0:15:10]} 2. Nf3 {[%clk 0:15:12]} g6
{[%clk 0:15:14]} 3. c4 {[%clk 0:15:15]} Nc6 {[%clk 0:15:17]} 4. d4
{[%clk 0:15:19]} cxd4 {[%clk 0:15:21]} 5. Nxd4 {[%clk 0:15:22]} Nf6
{[%clk 0:15:19]} 6. Nc3 {[%clk 0:15:25]} Nxd4 {[%clk 0:15:23]} 7. Qxd4
{[%clk 0:15:28]} d6 {[%clk 0:15:27]} 8. Be2 {[%clk 0:15:29]} Bg7 {[%clk 0:15:30]}
9. Be3 {[%clk 0:15:30]} O-O {[%clk 0:15:33]} 10. Qd2 {[%clk 0:15:34]} a5
{[%clk 0:15:35]} 11. O-O {[%clk 0:15:36]} a4 {[%clk 0:15:39]} 12. Bd4
{[%clk 0:15:37]} Qa5 {[%clk 0:15:39]} 13. Rad1 {[%clk 0:15:40]} Be6
{[%clk 0:15:42]} 14. f4 {[%clk 0:15:42]} Rfc8 {[%clk 0:15:42]} 15. b3
{[%clk 0:15:44]} axb3 {[%clk 0:15:38]} 16. axb3 {[%clk 0:15:48]} Bg4
{[%clk 0:14:22]} 17. e5 {[%clk 0:14:05]} Bxe2 {[%clk 0:13:20]} 18. Qxe2
{[%clk 0:13:52]} Nd7 {[%clk 0:11:44]} 19. Nd5 {[%clk 0:13:45]} Re8
{[%clk 0:11:42]} 20. b4 {[%clk 0:13:17]} Qa2 {[%clk 0:10:50]} 21. Rd2
{[%clk 0:13:21]} Qb3 {[%clk 0:10:50]} 22. Rb2 {[%clk 0:12:07]} Qa3
{[%clk 0:10:29]} 23. Nc7 {[%clk 0:12:10]} dxe5 {[%clk 0:09:59]} 24. fxe5
{[%clk 0:12:13]} e6 {[%clk 0:09:24]} 25. Nxe8 {[%clk 0:11:13]} Rxe8
{[%clk 0:09:27]} 26. Qe4 {[%clk 0:10:50]} Nb6 {[%clk 0:08:34]} 27. Qxb7
{[%clk 0:10:24]} 1-0

[Event "Portugal Open Semirrapidas"]
[Site "Lisboa POR"]
[Date "2020.02.02"]
[Round "2.16"]
[White "CAMPORA, Daniel"]
[Black "SIMÕES, Miguel"]
[Result "1/2-1/2"]
[BlackElo "1923"]
[WhiteElo "2367"]
[LiveChessVersion "1.4.8"]

1. e4 {[%clk 0:12:54]} e5 {[%clk 0:15:03]} 2. Nf3 {[%clk 0:12:57]} Nc6
{[%clk 0:15:04]} 3. Bb5 {[%clk 0:13:01]} a6 {[%clk 0:14:57]} 4. Ba4
{[%clk 0:13:05]} Nf6 {[%clk 0:14:59]} 5. O-O {[%clk 0:13:09]} b5 {[%clk 0:15:00]}
6. Bb3 {[%clk 0:13:12]} Be7 {[%clk 0:15:02]} 7. Re1 {[%clk 0:13:05]} O-O
{[%clk 0:15:04]} 8. d3 {[%clk 0:13:07]} d6 {[%clk 0:14:39]} 9. c3
{[%clk 0:13:09]} Na5 {[%clk 0:14:33]} 10. Bc2 {[%clk 0:13:13]} c5
{[%clk 0:14:36]} 11. Nbd2 {[%clk 0:13:14]} Re8 {[%clk 0:13:55]} 12. Nf1
{[%clk 0:12:59]} Bf8 {[%clk 0:13:49]} 13. Ne3 {[%clk 0:12:48]} g6
{[%clk 0:13:32]} 14. Nd5 {[%clk 0:12:29]} Nxd5 {[%clk 0:12:54]} 15. exd5
{[%clk 0:12:31]} Bf5 {[%clk 0:12:29]} 16. b4 {[%clk 0:12:11]} Nb7
{[%clk 0:12:05]} 17. a4 {[%clk 0:11:47]} Bg7 {[%clk 0:12:01]} 18. Ra3
{[%clk 0:11:33]} a5 {[%clk 0:11:32]} 19. bxc5 {[%clk 0:11:28]} b4
{[%clk 0:11:27]} 20. Ra1 {[%clk 0:09:50]} Nxc5 {[%clk 0:09:50]} 21. Bg5
{[%clk 0:09:04]} f6 {[%clk 0:08:52]} 22. Be3 {[%clk 0:06:22]} Rb8
{[%clk 0:08:15]} 23. cxb4 {[%clk 0:05:15]} axb4 {[%clk 0:08:17]} 24. d4
{[%clk 0:05:06]} Ne4 {[%clk 0:07:27]} 25. dxe5 {[%clk 0:04:38]} fxe5
{[%clk 0:07:10]} 26. Bxe4 {[%clk 0:02:59]} Bxe4 {[%clk 0:07:14]} 27. Ng5
{[%clk 0:03:01]} Bf5 {[%clk 0:07:11]} 28. Qb3 {[%clk 0:03:02]} e4
{[%clk 0:06:53]} 29. Rac1 {[%clk 0:02:28]} Bc3 {[%clk 0:06:46]} 30. Red1
{[%clk 0:02:18]} Qf6 {[%clk 0:06:25]} 31. a5 {[%clk 0:01:20]} Ra8
{[%clk 0:05:53]} 32. Ne6 {[%clk 0:00:36]} Rxa5 {[%clk 0:04:27]} 33. Bg5
{[%clk 0:00:39]} Qf7 {[%clk 0:04:28]} 34. Bd2 {[%clk 0:00:26]} Bxe6
{[%clk 0:04:21]} 35. Bxc3 {[%clk 0:00:19]} bxc3 {[%clk 0:04:18]} 36. dxe6
{[%clk 0:00:21]} Qxe6 {[%clk 0:04:20]} 37. Qxc3 {[%clk 0:00:22]} Rc5
{[%clk 0:04:21]} 38. Qd4 {[%clk 0:00:25]} Rxc1 {[%clk 0:04:20]} 39. Rxc1
{[%clk 0:00:29]} e3 {[%clk 0:04:19]} 40. fxe3 {[%clk 0:00:32]} Qxe3+
{[%clk 0:04:23]} 41. Qxe3 {[%clk 0:00:35]} Rxe3 {[%clk 0:04:27]} 42. Rc7
{[%clk 0:00:39]} Re2 {[%clk 0:04:27]} 43. Rd7 {[%clk 0:00:39]} Rd2
{[%clk 0:04:30]} 44. h4 {[%clk 0:00:39]} d5 {[%clk 0:04:33]} 45. Kh2
{[%clk 0:00:40]} d4 {[%clk 0:04:35]} 46. Kh3 {[%clk 0:00:41]} d3 {[%clk 0:04:18]}
47. Kg3 {[%clk 0:00:39]} Rd1 {[%clk 0:04:20]} 48. Kf3 {[%clk 0:00:31]} d2
{[%clk 0:04:22]} 49. Kg3 {[%clk 0:00:16]} h6 {[%clk 0:04:10]} 50. Kh2
{[%clk 0:00:11]} Kf8 {[%clk 0:04:09]} 51. Kg3 {[%clk 0:00:15]} Ke8
{[%clk 0:04:12]} 52. Rd3 {[%clk 0:00:18]} Kf7 {[%clk 0:04:07]} 53. Rd4
{[%clk 0:00:22]} Ke6 {[%clk 0:04:03]} 54. Rd8 {[%clk 0:00:26]} Ke5
{[%clk 0:04:00]} 55. Re8+ {[%clk 0:00:30]} Kd4 {[%clk 0:04:00]} 56. Rd8+
{[%clk 0:00:35]} Ke3 {[%clk 0:02:49]} 57. Re8+ {[%clk 0:00:38]} Kd3
{[%clk 0:02:53]} 58. Rd8+ {[%clk 0:00:43]} Ke4 {[%clk 0:02:03]} 59. Re8+
{[%clk 0:00:47]} Kf5 {[%clk 0:02:06]} 60. Rf8+ {[%clk 0:00:51]} Ke6
{[%clk 0:02:05]} 61. Rd8 {[%clk 0:00:55]} Kf5 {[%clk 0:01:59]} 62. Rf8+
{[%clk 0:00:59]} Ke6 {[%clk 0:01:36]} 63. Rd8 {[%clk 0:01:04]} Kf5
{[%clk 0:01:11]} 64. Rf8+ {[%clk 0:01:08]} Ke6 {[%clk 0:01:02]} 65. Rd8
{[%clk 0:01:12]} Ke5 1/2-1/2

[Event "Portugal Open Semirrapidas"]
[Site "Lisboa POR"]
[Date "2020.02.02"]
[Round "2.17"]
[White "PINHO, Tiago B"]
[Black "FERNANDES, António"]
[Result "0-1"]
[BlackElo "2358"]
[WhiteElo "1975"]
[LiveChessVersion "1.4.8"]

1. c4 {[%clk 0:15:07]} Nf6 2. Nc3 {[%clk 0:15:10]} d5 {[%clk 0:15:13]} 3. cxd5
{[%clk 0:15:10]} Nxd5 {[%clk 0:15:17]} 4. e4 {[%clk 0:15:15]} Nxc3
{[%clk 0:15:13]} 5. bxc3 {[%clk 0:15:17]} g6 {[%clk 0:15:12]} 6. Nf3
{[%clk 0:15:13]} Bg7 {[%clk 0:15:16]} 7. d4 {[%clk 0:14:48]} c5 {[%clk 0:15:19]}
8. Bb2 {[%clk 0:14:50]} Qa5 {[%clk 0:14:35]} 9. Qd2 {[%clk 0:14:30]} Bg4
{[%clk 0:14:32]} 10. Be2 {[%clk 0:14:10]} O-O 11. d5 {[%clk 0:12:26]} Nd7
{[%clk 0:13:49]} 12. h3 {[%clk 0:11:55]} Bxf3 {[%clk 0:13:50]} 13. Bxf3
{[%clk 0:11:57]} c4 {[%clk 0:13:45]} 14. O-O {[%clk 0:11:49]} Nc5
{[%clk 0:13:48]} 15. Rab1 {[%clk 0:04:42]} Qxa2 {[%clk 0:13:40]} 16. Ra1
{[%clk 0:03:26]} Nb3 {[%clk 0:13:44]} 17. Rxa2 {[%clk 0:03:20]} Nxd2
{[%clk 0:13:48]} 18. Rd1 {[%clk 0:02:57]} Nb3 {[%clk 0:12:59]} 19. Be2
{[%clk 0:02:43]} b5 {[%clk 0:12:51]} 20. f4 {[%clk 0:02:37]} a5 {[%clk 0:12:37]}
21. e5 {[%clk 0:02:33]} f6 {[%clk 0:12:41]} 22. d6 {[%clk 0:02:12]} exd6
{[%clk 0:09:51]} 23. e6 {[%clk 0:01:37]} Rfe8 {[%clk 0:09:23]} 24. f5
{[%clk 0:01:06]} gxf5 {[%clk 0:09:14]} 25. Bf3 {[%clk 0:01:00]} Ra6
{[%clk 0:09:09]} 0-1

[Event "Portugal Open Semirrapidas"]
[Site "Lisboa POR"]
[Date "2020.02.02"]
[Round "2.18"]
[White "FRÓIS, António"]
[Black "TAYLOR, Robert Graham"]
[Result "1-0"]
[BlackElo "1907"]
[WhiteElo "2357"]
[LiveChessVersion "1.4.8"]

1. Nf3 {[%clk 0:14:59]} Nf6 {[%clk 0:15:09]} 2. g3 {[%clk 0:15:00]} b6
{[%clk 0:15:10]} 3. Bg2 {[%clk 0:15:02]} Bb7 {[%clk 0:15:13]} 4. O-O
{[%clk 0:15:04]} e6 {[%clk 0:15:15]} 5. c4 {[%clk 0:15:03]} Be7 {[%clk 0:14:56]}
6. Nc3 {[%clk 0:15:04]} O-O {[%clk 0:14:44]} 7. d4 {[%clk 0:15:06]} d5
{[%clk 0:14:17]} 8. cxd5 {[%clk 0:14:43]} exd5 {[%clk 0:14:16]} 9. Bf4
{[%clk 0:14:38]} c6 {[%clk 0:13:34]} 10. Rc1 {[%clk 0:14:28]} Nbd7
{[%clk 0:13:21]} 11. Qc2 {[%clk 0:14:02]} h6 {[%clk 0:12:33]} 12. Rfd1
{[%clk 0:14:01]} Re8 {[%clk 0:11:28]} 13. Ne5 {[%clk 0:13:33]} Nxe5
{[%clk 0:10:58]} 14. dxe5 {[%clk 0:13:02]} Nh5 {[%clk 0:07:58]} 15. Be3
{[%clk 0:12:58]} g5 {[%clk 0:07:25]} 16. f4 {[%clk 0:11:51]} Qc8 {[%clk 0:04:59]}
17. Rf1 {[%clk 0:10:41]} Bc5 {[%clk 0:04:27]} 18. Bxc5 {[%clk 0:10:28]} bxc5
{[%clk 0:04:30]} 19. Na4 {[%clk 0:10:33]} c4 {[%clk 0:03:54]} 20. Nc5
{[%clk 0:10:28]} Rb8 {[%clk 0:03:33]} 21. e6 {[%clk 0:10:05]} gxf4
{[%clk 0:03:15]} 22. Qf5 {[%clk 0:09:58]} Rf8 {[%clk 0:02:26]} 23. Qxh5
{[%clk 0:10:00]} fxe6 {[%clk 0:02:20]} 24. Qg6+ {[%clk 0:10:03]} Kh8
{[%clk 0:02:22]} 25. Qxh6+ {[%clk 0:10:06]} Kg8 {[%clk 0:02:25]} 26. Qg6+
{[%clk 0:10:08]} Kh8 {[%clk 0:02:28]} 27. gxf4 {[%clk 0:10:03]} 1-0

[Event "Portugal Open Semirrapidas"]
[Site "Lisboa POR"]
[Date "2020.02.02"]
[Round "2.19"]
[White "VAN DEN BERG, Imme"]
[Black "LEKIĆ, Dušan"]
[Result "0-1"]
[BlackElo "2357"]
[WhiteElo "1936"]
[LiveChessVersion "1.4.8"]

1. d4 {[%clk 0:15:07]} Nf6 {[%clk 0:15:08]} 2. c4 {[%clk 0:15:06]} e6
{[%clk 0:15:11]} 3. Nf3 {[%clk 0:15:10]} d5 4. g3 {[%clk 0:15:05]} Be7
{[%clk 0:15:16]} 5. Bg2 {[%clk 0:15:09]} O-O {[%clk 0:15:19]} 6. O-O
{[%clk 0:15:05]} dxc4 {[%clk 0:15:22]} 7. Ne5 {[%clk 0:15:07]} Nc6
{[%clk 0:15:24]} 8. Nxc6 {[%clk 0:14:58]} bxc6 {[%clk 0:15:27]} 9. Bxc6
{[%clk 0:14:51]} Rb8 {[%clk 0:15:29]} 10. Bg2 {[%clk 0:14:32]} Bb7
{[%clk 0:15:04]} 11. Nc3 {[%clk 0:13:14]} c5 {[%clk 0:14:35]} 12. dxc5
{[%clk 0:12:29]} Bxg2 {[%clk 0:14:34]} 13. Kxg2 {[%clk 0:12:25]} Bxc5
{[%clk 0:14:37]} 14. Qxd8 {[%clk 0:08:01]} Rfxd8 {[%clk 0:14:40]} 15. Rd1
{[%clk 0:07:34]} Bd4 {[%clk 0:14:13]} 16. Na4 {[%clk 0:05:29]} Ne4
{[%clk 0:12:55]} 17. e3 {[%clk 0:05:10]} Bf6 {[%clk 0:12:46]} 18. Rxd8+
{[%clk 0:04:04]} Rxd8 {[%clk 0:12:36]} 19. f3 {[%clk 0:03:30]} Nd6
{[%clk 0:12:40]} 20. Bd2 {[%clk 0:02:43]} Nf5 {[%clk 0:12:24]} 21. Bc3
{[%clk 0:01:30]} Bxc3 {[%clk 0:12:15]} 22. bxc3 {[%clk 0:01:15]} Rd2+
{[%clk 0:12:18]} 23. Kh3 {[%clk 0:01:07]} Nxe3 {[%clk 0:12:08]} 24. Rb1
{[%clk 0:01:08]} g5 {[%clk 0:11:56]} 25. Rb2 {[%clk 0:01:07]} Rxb2
{[%clk 0:11:38]} 26. Nxb2 {[%clk 0:01:10]} f5 {[%clk 0:11:41]} 27. f4
{[%clk 0:00:59]} g4+ {[%clk 0:11:41]} 28. Kh4 {[%clk 0:01:03]} Kg7
{[%clk 0:11:24]} 29. Kh5 {[%clk 0:00:11]} h6 {[%clk 0:11:08]} 30. Na4
{[%clk 0:00:08]} Nd5 {[%clk 0:10:39]} 31. Nc5 {[%clk 0:00:08]} Nxc3
{[%clk 0:10:36]} 32. Nxe6+ {[%clk 0:00:11]} Kf6 {[%clk 0:10:39]} 33. Nd4
{[%clk 0:00:14]} Nxa2 {[%clk 0:10:41]} 34. Kxh6 {[%clk 0:00:16]} c3
{[%clk 0:10:42]} 35. Nc2 {[%clk 0:00:17]} a5 {[%clk 0:10:45]} 36. Kh5
{[%clk 0:00:18]} Nb4 {[%clk 0:10:49]} 0-1